[Event "OEsterreichische Meisterschafte"]
[Site "Fuerstenfeld - Stadthalle"]
[Date "2009.04.08"]
[Round "4"]
[Board "1"]
[White "Menezes, Christoph"]
[Black "Halvax, Georg"]
[Result "1/2-1/2"]
[WhiteElo "1776"]
[BlackElo "2187"]
[PlyCount "158"]
[EventDate "2009.04.06"]
[EventRounds "7"]
[EventCountry "AUT"]

1.d4 d5 2.c4 e6 3.Nf3 Nf6 4.g3 Be7 5.Bg2 O-O 6.O-O dxc4 7.Qc2 a6 8.Qxc4 b5 9.Qc2
Bb7 10.Bd2 Be4 11.Qc1 Nbd7 12.Ba5 Rc8 13.Nbd2 Ba8 14.b4 Qe8 15.Nb3 Nb6 16.Ne5
Bd5 17.Nc5 Bxc5 18.dxc5 Nc4 19.Nxc4 bxc4 20.f3 Qa4 21.e4 Bc6 22.Rd1 Bb5 23.Bf1
Nd7 24.Bxc4 Bxc4 25.Qxc4 Ne5 26.Qc3 Nc6 27.Qb3 Qb5 28.Qd3 Nxa5 29.Qxb5 axb5
30.bxa5 Ra8 31.Rd7 Rfc8 32.Rad1 Kf8 33.c6 Rxa5 34.Rd8+ Rxd8 35.Rxd8+ Ke7 36.Rd7+
Kf6 37.Rxc7 Rxa2 38.Rb7 Rc2 39.c7 b4 40.c8=N Rxc8 41.Rxb4 Rc2 42.Rd4 h5 43.h4 g6
44.Rd7 Ra2 45.Kf1 Rb2 46.Kg1 Kg7 47.Kf1 Kf8 48.Kg1 Ke8 49.Rc7 Rd2 50.Kf1 Ra2
51.Kg1 Rb2 52.Kf1 Rd2 53.Kg1 Kf8 54.Kf1 Kg7 55.Kg1 Kf6 56.Kf1 Rb2 57.Kg1 Ra2
58.Kf1 Rd2 59.Kg1 e5 60.Rc6+ Ke7 61.Rc5 Ke6 62.Rc6+ Rd6 63.Rc5 Ra6 64.Rb5 f5
65.Kf2 Ra2+ 66.Ke3 Ra3+ 67.Kf2 Ra2+ 68.Ke3 Ra6 69.Rb3 Kf6 70.f4 Re6 71.fxe5+
Rxe5 72.Rb6+ Re6 73.Rxe6+ Kxe6 74.Kf4 fxe4 75.Kxe4 Kf6 76.Kf4 Kf7 77.Kg5 Kg7
78.g4 hxg4 79.Kxg4 g5

[Event "OEsterreichische Meisterschafte"]
[Site "Fuerstenfeld - Stadthalle"]
[Date "2009.04.08"]
[Round "4"]
[Board "1"]
[White "Riemelmoser, Markus"]
[Black "Riemelmoser, Stefan"]
[Result "0-1"]
[WhiteElo "1763"]
[BlackElo "2104"]
[PlyCount "56"]
[EventDate "2009.04.06"]
[EventRounds "7"]
[EventCountry "AUT"]

1.Nf3 e6 2.g3 d5 3.Bg2 Be7 4.b3 Nf6 5.Bb2 O-O 6.d3 b6 7.Nbd2 Bb7 8.c4 c5 9.d4
Nbd7 10.O-O Rc8 11.Qb1 h6 12.Rc1 Rc7 13.Rc2 Qa8 14.cxd5 Nxd5 15.a3 Rfc8 16.Qa2
cxd4 17.Rxc7 Nxc7 18.Bxd4 Nb5 19.Qb2 Nxd4 20.Qxd4 Bf6 21.Qxd7 Bxa1 22.Ne5 Rc1+
23.Nf1 Rxf1+ 24.Bxf1 Bxe5 25.e3 Qc8 26.Qe7 Qc6 27.Qd8+ Kh7 28.Bd3+ f5

[Event "OEsterreichische Meisterschafte"]
[Site "Fuerstenfeld - Stadthalle"]
[Date "2009.04.08"]
[Round "4"]
[Board "1"]
[White "Dalnodar, Bernhard"]
[Black "Guetz, Andreas"]
[Result "1-0"]
[WhiteElo "1952"]
[BlackElo "1800"]
[PlyCount "106"]
[EventDate "2009.04.06"]
[EventRounds "7"]
[EventCountry "AUT"]

1.d4 Nf6 2.c4 g6 3.Nc3 Bg7 4.e4 d6 5.Nf3 O-O 6.Be2 e5 7.O-O Nc6 8.d5 Ne7 9.b4 a5
10.Ba3 axb4 11.Bxb4 Nd7 12.Nd2 f5 13.Nb3 Nf6 14.Bd3 c5 15.dxc6 bxc6 16.a4 Rb8
17.Ba3 Rf7 18.Bc2 Ne8 19.Re1 Be6 20.Qe2 fxe4 21.Nxe4 Nf5 22.Red1 d5 23.Nec5 Nc7
24.Na5 Nd4 25.Qd2 Qe8 26.Nab7 Bf8 27.Re1 Bxc5 28.Nxc5 Nxc2 29.Qxc2 e4 30.Rab1
Bf5 31.Qa2 Qd8 32.Nb7 Qg5 33.Bc1 Qe7 34.Be3 Qd7 35.Nc5 Rxb1 36.Rxb1 Qd6 37.Rb8+
Rf8 38.Nb7 Qe7 39.Bc5 Rxb8 40.Bxe7 Rxb7 41.Bd6 e3 42.fxe3 Rb1+ 43.Kf2 Rc1 44.Kg3
Ne6 45.cxd5 Rc2 46.Qb3 cxd5 47.Qxd5 Kf7 48.e4 Rc3+ 49.Kf2 Rc2+ 50.Ke3 Bg4
51.Qb7+ Kg8 52.h3 Bd1 53.Qe7 Re2+

[Event "OEsterreichische Meisterschafte"]
[Site "Fuerstenfeld - Stadthalle"]
[Date "2009.04.08"]
[Round "5"]
[Board "1"]
[White "Hartl, Daniel"]
[Black "Huber, Martin Christian"]
[Result "1-0"]
[WhiteElo "2188"]
[BlackElo "1818"]
[PlyCount "97"]
[EventDate "2009.04.06"]
[EventRounds "7"]
[EventCountry "AUT"]

1.e4 e5 2.Nf3 Nc6 3.Bc4 Bc5 4.O-O Nf6 5.d3 d6 6.c3 Bg4 7.h3 Bh5 8.Nbd2 O-O 9.a4
a5 10.Re1 Re8 11.Nf1 Qe7 12.Ng3 Bg6 13.Qb3 Bb6 14.Bg5 h6 15.Be3 Nd7 16.Qc2 Bxe3
17.Rxe3 Nb6 18.Bb5 Rad8 19.Rae1 Qf6 20.Nh2 Re7 21.Rf3 Qg5 22.Nf5 Bxf5 23.exf5
Nd5 24.Ng4 Nf6 25.Nxf6+ Qxf6 26.Bxc6 bxc6 27.b4 Ree8 28.Qb3 Ra8 29.b5 c5 30.Qd5
Rab8 31.Re4 Re7 32.Rg4 Kh7 33.h4 Ree8 34.h5 Rg8 35.Rg6 Qe7 36.f6 Qd7 37.Rxg7+
Rxg7 38.fxg7 Kxg7 39.d4 Qe6 40.Qxe6 fxe6 41.dxe5 dxe5 42.Rd3 Kf6 43.Rd7 Rc8
44.Kh2 Kg5 45.Kg3 Kf5 46.Kf3 Kf6 47.Ke4 Rg8 48.Rxc7 Rxg2 49.Rxc5

[Event "OEsterreichische Meisterschafte"]
[Site "Fuerstenfeld - Stadthalle"]
[Date "2009.04.08"]
[Round "5"]
[Board "1"]
[White "Schnegg, Martin"]
[Black "Schnegg, Daniel"]
[Result "0-1"]
[WhiteElo "2062"]
[BlackElo "2082"]
[PlyCount "70"]
[EventDate "2009.04.06"]
[EventRounds "7"]
[EventCountry "AUT"]

1.e4 c5 2.Nc3 Nc6 3.g3 g6 4.Bg2 Bg7 5.d3 d6 6.Nce2 e6 7.c3 Nge7 8.f4 O-O 9.Nf3
d5 10.O-O Qc7 11.a4 b6 12.Kh1 dxe4 13.dxe4 Ba6 14.Rg1 Rad8 15.Qe1 Na5 16.Be3 Nc4
17.Bc1 Bb7 18.b3 Na5 19.Nd2 Rd3 20.Rb1 Bxc3 21.Nxc3 Rxc3 22.Bb2 Rd3 23.Be5 Qd7
24.Nf3 Nxb3 25.Bc3 Qxa4 26.Ne5 Rdd8 27.Ng4 Nd4 28.Ra1 Qb5 29.Bxd4 Rxd4 30.Rxa7
Rb8 31.Ra2 h5 32.Nf6+ Kg7 33.e5 Bxg2+ 34.Kxg2 Qc6+ 35.Kh3 Nf5

[Event "OEsterreichische Meisterschafte"]
[Site "Fuerstenfeld - Stadthalle"]
[Date "2009.04.08"]
[Round "5"]
[Board "1"]
[White "Stagl, Marco"]
[Black "Hofmann, Thomas"]
[Result "1-0"]
[WhiteElo "1881"]
[BlackElo "2004"]
[PlyCount "49"]
[EventDate "2009.04.06"]
[EventRounds "7"]
[EventCountry "AUT"]

1.d4 d5 2.Nf3 Nf6 3.c4 c6 4.e3 g6 5.Nc3 Bg7 6.Bd3 O-O 7.O-O Bg4 8.h3 Bxf3 9.Qxf3
dxc4 10.Bxc4 Nbd7 11.Rd1 Qc7 12.e4 e5 13.d5 Rad8 14.Bg5 h6 15.Be3 Ne8 16.dxc6
bxc6 17.Bb3 Kh7 18.Rac1 Qb7 19.Na4 f5 20.exf5 gxf5 21.Qxc6 Qxc6 22.Rxc6 Nb8
23.Rxh6+ Bxh6 24.Rxd8 f4 25.Bxf4

[Event "OEsterreichische Meisterschafte"]
[Site "Fuerstenfeld - Stadthalle"]
[Date "2009.04.08"]
[Round "5"]
[Board "1"]
[White "Riemelmoser, Stefan"]
[Black "Handler, Lukas"]
[Result "0-1"]
[WhiteElo "2104"]
[BlackElo "2102"]
[PlyCount "90"]
[EventDate "2009.04.06"]
[EventRounds "7"]
[EventCountry "AUT"]

1.e4 e5 2.Nf3 Nc6 3.Bb5 a6 4.Ba4 Nf6 5.O-O Be7 6.Re1 b5 7.Bb3 d6 8.c3 O-O 9.h3
Na5 10.Bc2 c5 11.d4 Qc7 12.Nbd2 Nc6 13.d5 Nd8 14.Nf1 Ne8 15.Ng3 g6 16.Nh2 Ng7
17.Bh6 f6 18.Rf1 Nf7 19.Be3 Bd7 20.a4 Rab8 21.Qd2 b4 22.a5 Kh8 23.f4 exf4
24.Bxf4 Rb5 25.Ba4 bxc3 26.bxc3 Rb7 27.Bxd7 Qxd7 28.Ng4 Bd8 29.Be3 Ne8 30.c4 Qe7
31.Rf2 h5 32.Nh2 Qe5 33.Raf1 Qxg3 34.Nf3 g5 35.Re2 Ne5 36.Nxe5 Qxe5 37.Bxg5 Qd4+
38.Qxd4 cxd4 39.Bh6 Rff7 40.Rf5 Bxa5 41.Rxh5 Rh7 42.Ra2 Bc3 43.Rxa6 d3 44.Ra8
Rxh6 45.Rxh6+ Kg7

[Event "OEsterreichische Meisterschafte"]
[Site "Fuerstenfeld - Stadthalle"]
[Date "2009.04.08"]
[Round "5"]
[Board "1"]
[White "Wertjanz, David"]
[Black "Menezes, Christoph"]
[Result "1/2-1/2"]
[WhiteElo "2043"]
[BlackElo "1776"]
[PlyCount "78"]
[EventDate "2009.04.06"]
[EventRounds "7"]
[EventCountry "AUT"]

1.e4 e5 2.Nf3 Nc6 3.Bb5 Nf6 4.d4 Nxe4 5.dxe5 Be7 6.Qd5 Nc5 7.Be3 Ne6 8.Nc3 a6
9.Be2 d6 10.exd6 Qxd6 11.Qxd6 Bxd6 12.Nd5 Nb4 13.Nxb4 Bxb4+ 14.c3 Bc5 15.Bxc5
Nxc5 16.Nd4 Ne6 17.O-O-O Nxd4 18.Rxd4 Be6 19.Bc4 Bxc4 20.Rxc4 O-O-O 21.Re4 Rde8
22.Rhe1 Kd8 23.Kd2 Rxe4 24.Rxe4 Kd7 25.Ke3 Kd6 26.Rd4+ Ke6 27.Rb4 b5 28.Re4+ Kd6
29.Rd4+ Ke6 30.Rg4 g6 31.Re4+ Kd6 32.Rd4+ Ke6 33.Re4+ Kd6 34.Kf4 f6 35.Rd4+ Ke6
36.Re4+ Kd6 37.Rd4+ Ke6 38.Re4+ Kd6 39.Rd4+ Ke6

[Event "OEsterreichische Meisterschafte"]
[Site "Fuerstenfeld - Stadthalle"]
[Date "2009.04.08"]
[Round "5"]
[Board "1"]
[White "Matt, Fabian"]
[Black "Kammerer, Gernot"]
[Result "0-1"]
[WhiteElo "1938"]
[BlackElo "2128"]
[PlyCount "55"]
[EventDate "2009.04.06"]
[EventRounds "7"]
[EventCountry "AUT"]

1.e4 c5 2.Nf3 Nc6 3.d4 cxd4 4.Nxd4 g6 5.Nc3 Bg7 6.Be3 Nf6 7.Nxc6 bxc6 8.e5 Nd5
9.Nxd5 cxd5 10.Qxd5 Rb8 11.Bc4 O-O 12.f4 Bb7 13.Qd2 Qc7 14.Bb3 a5 15.O-O Rfd8
16.f5 d5 17.f6 exf6 18.exf6 Bf8 19.Bh6 Bc5+ 20.Kh1 Qc6 21.Bg7 d4 22.Rf4 d3 23.c3
Be3 24.Re1 Qxg2+ 25.Qxg2 Bxg2+ 26.Kxg2 Bxf4 27.Re7 Rxb3 28.Re1

[Event "OEsterreichische Meisterschafte"]
[Site "Fuerstenfeld - Stadthalle"]
[Date "2009.04.08"]
[Round "5"]
[Board "1"]
[White "Riemelmoser, Markus"]
[Black "Dalnodar, Bernhard"]
[Result "1/2-1/2"]
[WhiteElo "1763"]
[BlackElo "1952"]
[PlyCount "51"]
[EventDate "2009.04.06"]
[EventRounds "7"]
[EventCountry "AUT"]

1.c4 Nf6 2.Nf3 g6 3.g3 Bg7 4.Bg2 d6 5.Nc3 O-O 6.O-O e5 7.d3 Nc6 8.Rb1 a5 9.a3
Nh5 10.Bg5 f6 11.Bd2 h6 12.b4 axb4 13.axb4 f5 14.Qb3 Be6 15.b5 Ne7 16.Ra1 Qd7
17.Ra4 g5 18.Rfa1 Rab8 19.Ra7 f4 20.Ne1 b6 21.Rc1 fxg3 22.fxg3 Nc8 23.Ra4 Kh8
24.Be3 Bh3 25.Nf3 Ne7 26.Ra7

[Event "OEsterreichische Meisterschafte"]
[Site "Fuerstenfeld - Stadthalle"]
[Date "2009.04.09"]
[Round "6"]
[Board "1"]
[White "Stagl, Marco"]
[Black "Hartl, Daniel"]
[Result "0-1"]
[WhiteElo "1881"]
[BlackElo "2188"]
[PlyCount "92"]
[EventDate "2009.04.06"]
[EventRounds "7"]
[EventCountry "AUT"]

1.d4 d5 2.Nf3 Nf6 3.g3 Bf5 4.Bg2 e6 5.O-O Bd6 6.c4 c6 7.Nc3 Nbd7 8.Nd2 O-O 9.e4
dxe4 10.Ndxe4 Be7 11.Bf4 Rc8 12.Qa4 a6 13.Rad1 Nxe4 14.Nxe4 Nf6 15.Nxf6+ Bxf6
16.d5 cxd5 17.cxd5 Bc2 18.Qb4 Bxd1 19.Rxd1 e5 20.Be3 Qd7 21.Bf3 Bd8 22.d6 b5
23.Bd5 Kh8 24.a4 a5 25.Qxb5 Qxd6 26.Bf3 Qf6 27.Bg4 Rc2 28.Qb3 Rc6 29.Qb5 h6
30.Bc5 Bb6 31.Bxb6 Rxb6 32.Qxa5 Rxb2 33.Qa7 Rfb8 34.a5 Qg6 35.Qd7 R2b7 36.Qf5
Rb1 37.Qxg6 fxg6 38.Kg2 Rxd1 39.Bxd1 Ra8 40.Bc2 g5 41.g4 Rxa5 42.Kg3 Kg8 43.Bg6
Kf8 44.h4 Ra3+ 45.f3 gxh4+ 46.Kg2 Ke7

[Event "OEsterreichische Meisterschafte"]
[Site "Fuerstenfeld - Stadthalle"]
[Date "2009.04.09"]
[Round "6"]
[Board "1"]
[White "Schnegg, Daniel"]
[Black "Azad, Razik"]
[Result "1/2-1/2"]
[WhiteElo "2082"]
[BlackElo "2061"]
[PlyCount "137"]
[EventDate "2009.04.06"]
[EventRounds "7"]
[EventCountry "AUT"]

1.e4 e5 2.Nf3 Nc6 3.Bb5 a6 4.Ba4 Nf6 5.O-O Be7 6.Re1 b5 7.Bb3 O-O 8.c3 d6 9.h3
Na5 10.Bc2 c5 11.d4 cxd4 12.cxd4 Qc7 13.b3 Nc6 14.Na3 Nb4 15.Bb1 Re8 16.Bb2 Bf8
17.Qd2 Nc6 18.Rc1 Qb7 19.d5 Ne7 20.Qa5 Bd7 21.Rc7 Qb8 22.Bd3 Ng6 23.Rac1 Nf4
24.Qd2 Ra7 25.Rxa7 Qxa7 26.Re1 Nxd3 27.Qxd3 Rc8 28.Nc2 Nh5 29.Ne3 Nf4 30.Qd2 Be7
31.Ba3 Kf8 32.h4 a5 33.g3 b4 34.Bb2 Nh5 35.Qe2 g6 36.Nd2 a4 37.Nec4 Nxg3 38.Qf3
Nh5 39.Bc1 Kg8 40.Nf1 Bb5 41.Be3 Qa6 42.Nfd2 Bxh4 43.Qg4 Be7 44.Bg5 Bf8 45.Kh2
Qa7 46.Rg1 Bd7 47.Qf3 Qc7 48.Be3 Bg7 49.bxa4 Ra8 50.Bb6 Qb8 51.a5 Qf8 52.Be3 Bb5
53.Rb1 Qe7 54.Rxb4 Bd7 55.Kg1 Nf4 56.Bxf4 exf4 57.Qxf4 Bc3 58.Rb3 Bxd2 59.Nxd2
Rxa5 60.a3 Bb5 61.Rc3 Kg7 62.Rh3 h5 63.Qe3 Bd7 64.Rg3 Rc5 65.Nb3 Rc4 66.Nd2 Rc1+
67.Nf1 Rc4 68.Nd2 Rc1+ 69.Nf1

[Event "OEsterreichische Meisterschafte"]
[Site "Fuerstenfeld - Stadthalle"]
[Date "2009.04.09"]
[Round "6"]
[Board "1"]
[White "Handler, Lukas"]
[Black "Menezes, Christoph"]
[Result "1-0"]
[WhiteElo "2102"]
[BlackElo "1776"]
[PlyCount "73"]
[EventDate "2009.04.06"]
[EventRounds "7"]
[EventCountry "AUT"]

1.d4 Nf6 2.Bg5 Ne4 3.Bf4 c5 4.f3 Nf6 5.dxc5 Qa5+ 6.Qd2 Qxc5 7.e4 e6 8.Be3 Qc7
9.Bd3 Be7 10.Ne2 Nc6 11.O-O O-O 12.Nbc3 a6 13.Na4 b5 14.Nb6 Rb8 15.Nxc8 Rfxc8
16.a4 Ne5 17.axb5 axb5 18.Ra7 Rb7 19.Rfa1 Bc5 20.Rxb7 Qxb7 21.Bxc5 Rxc5 22.Qa5
Qb8 23.Qa8 Rc8 24.Qxb8 Rxb8 25.Bxb5 g5 26.c4 d5 27.exd5 Nxd5 28.b3 Nc7 29.Nc3
Nd3 30.Rb1 Nb4 31.Kf1 Nca6 32.Bxa6 Nxa6 33.Ke2 Kf8 34.Ne4 Ke7 35.Kd2 f5 36.Nf2
Rd8+ 37.Kc3

[Event "OEsterreichische Meisterschafte"]
[Site "Fuerstenfeld - Stadthalle"]
[Date "2009.04.09"]
[Round "6"]
[Board "1"]
[White "Schnegg, Martin"]
[Black "Halvax, Georg"]
[Result "0-1"]
[WhiteElo "2062"]
[BlackElo "2187"]
[PlyCount "58"]
[EventDate "2009.04.06"]
[EventRounds "7"]
[EventCountry "AUT"]

1.Nf3 Nf6 2.g3 d5 3.d4 e6 4.Bg2 Be7 5.O-O O-O 6.b3 c5 7.e3 Nc6 8.Bb2 b6 9.Nbd2
Ba6 10.Re1 Rc8 11.e4 dxe4 12.Nxe4 Nxe4 13.Rxe4 Bf6 14.c3 cxd4 15.cxd4 Qd6 16.Qe1
Rfd8 17.Ne5 Ne7 18.Ng4 Nd5 19.Rc1 Bg5 20.Ne3 Nxe3 21.fxe3 f5 22.h4 fxe4 23.hxg5
Bd3 24.g6 hxg6 25.Bh3 Rxc1 26.Bxc1 Rf8 27.Kh2 Qc6 28.Qd2 Qd5 29.Bb2 Qh5

[Event "OEsterreichische Meisterschafte"]
[Site "Fuerstenfeld - Stadthalle"]
[Date "2009.04.09"]
[Round "6"]
[Board "1"]
[White "Kammerer, Gernot"]
[Black "Wertjanz, David"]
[Result "1/2-1/2"]
[WhiteElo "2128"]
[BlackElo "2043"]
[PlyCount "65"]
[EventDate "2009.04.06"]
[EventRounds "7"]
[EventCountry "AUT"]

1.e4 c5 2.Nf3 d6 3.Bb5+ Bd7 4.Bxd7+ Qxd7 5.O-O Nf6 6.Re1 Nc6 7.c3 e6 8.d4 cxd4
9.cxd4 d5 10.e5 Ne4 11.Nbd2 Nxd2 12.Bxd2 Bb4 13.Rc1 Bxd2 14.Qxd2 O-O 15.a3 Rac8
16.Qd3 h6 17.Nd2 Rc7 18.Rc3 Rfc8 19.Rec1 Ne7 20.g3 Nf5 21.Nf3 Rxc3 22.Rxc3 Rxc3
23.Qxc3 Qa4 24.Kg2 Ne7 25.Qc7 Nc6 26.Qc8+ Kh7 27.Qe8 Qd1 28.Qxf7 Nxd4 29.Nxd4
Qxd4 30.Qxe6 Qe4+ 31.Kf1 Qb1+ 32.Kg2 Qe4+ 33.Kf1

[Event "OEsterreichische Meisterschafte"]
[Site "Fuerstenfeld - Stadthalle"]
[Date "2009.04.09"]
[Round "6"]
[Board "1"]
[White "Hofmann, Thomas"]
[Black "Riemelmoser, Stefan"]
[Result "1/2-1/2"]
[WhiteElo "2004"]
[BlackElo "2104"]
[PlyCount "158"]
[EventDate "2009.04.06"]
[EventRounds "7"]
[EventCountry "AUT"]

1.e4 e6 2.d4 d5 3.exd5 exd5 4.Nf3 Bd6 5.c4 c6 6.Nc3 Ne7 7.Bd3 dxc4 8.Bxc4 O-O
9.O-O Bg4 10.h3 Bh5 11.g4 Bg6 12.Ne5 Kh8 13.f4 f6 14.Nxg6+ Nxg6 15.f5 Ne7 16.Ne4
Bc7 17.Nc5 Nd5 18.Bxd5 Qxd5 19.Ne6 Rf7 20.Qf3 Qxf3 21.Rxf3 Bb6 22.Rd3 Na6 23.Bd2
Re8 24.Re1 Rd7 25.Kf1 Nc7 26.Bb4 Nd5 27.Bc5 Kg8 28.Bxb6 axb6 29.Rd2 Kf7 30.Rde2
Ra8 31.a3 Ra4 32.g5 g6 33.fxg6+ hxg6 34.gxf6 Nxf6 35.h4 Ra5 36.Ng5+ Kg8 37.Rf2
Rf5 38.Rxf5 gxf5 39.Re6 Kg7 40.Re5 Kg6 41.Ne6 Rd5 42.Nf4+ Kh6 43.Nxd5 Nxd5
44.Kf2 Kg6 45.h5+ Kxh5 46.Rxf5+ Kg6 47.Rf3 Nf6 48.Ke3 Kf7 49.Kd3 Ke6 50.Rg3 Ne8
51.Rg6+ Kd5 52.Rg5+ Ke6 53.Re5+ Kd7 54.d5 Nc7 55.dxc6+ bxc6 56.Rh5 Kc8 57.Kd4
Nb5+ 58.Ke5 Kb7 59.Ke6 Ka6 60.Kd7 c5 61.a4 Nd4 62.Kc7 Ka5 63.Rh6 Kxa4 64.Rxb6 c4
65.Kd6 Ne2 66.Kc5 c3 67.Kc4 Ka5 68.Rb5+ Ka6 69.bxc3 Nxc3 70.Rb3 Ne4 71.Kd5 Nf6+
72.Kc6 Ka5 73.Re3 Kb4 74.Rf3 Nh5 75.Kd5 Ng7 76.Kd6 Kc4 77.Ke7 Kd4 78.Kf6 Ke4
79.Rc3 Nf5

[Event "OEsterreichische Meisterschafte"]
[Site "Fuerstenfeld - Stadthalle"]
[Date "2009.04.09"]
[Round "6"]
[Board "1"]
[White "Guetz, Andreas"]
[Black "Matt, Fabian"]
[Result "1-0"]
[WhiteElo "1800"]
[BlackElo "1938"]
[PlyCount "85"]
[EventDate "2009.04.06"]
[EventRounds "7"]
[EventCountry "AUT"]

1.e4 e5 2.Nf3 Nf6 3.Nxe5 d6 4.Nf3 Nxe4 5.Nc3 Nxc3 6.dxc3 Be7 7.Be3 Nc6 8.Qd2 O-O
9.O-O-O Be6 10.Kb1 Qd7 11.h4 a5 12.Ng5 Rfb8 13.Nxe6 Qxe6 14.Be2 b5 15.g4 b4
16.c4 a4 17.Qd5 Qd7 18.c5 b3 19.cxb3 axb3 20.a3 Ne5 21.Bd4 c6 22.Qe4 Qe6 23.f4
Ng6 24.Qxe6 fxe6 25.cxd6 Bxd6 26.f5 exf5 27.Bc4+ Kh8 28.Bc3 Be5 29.h5 Bxc3
30.hxg6 h6 31.bxc3 Rxa3 32.Rd2 Rba8 33.Rhd1 Ra1+ 34.Kb2 Rxd1 35.Rxd1 fxg4
36.Kxb3 c5 37.Rg1 Rf8 38.Rxg4 h5 39.Rh4 Rb8+ 40.Kc2 Rb2+ 41.Kd3 Rd2+ 42.Ke3 Rd5
43.Bxd5

[Event "OEsterreichische Meisterschafte"]
[Site "Fuerstenfeld - Stadthalle"]
[Date "2009.04.10"]
[Round "7"]
[Board "1"]
[White "Hartl, Daniel"]
[Black "Schnegg, Daniel"]
[Result "1/2-1/2"]
[WhiteElo "2188"]
[BlackElo "2082"]
[PlyCount "23"]
[EventDate "2009.04.06"]
[EventRounds "7"]
[EventCountry "AUT"]

1.e4 Nf6 2.e5 Nd5 3.d4 d6 4.Nf3 Bg4 5.Be2 e6 6.O-O Be7 7.c4 Nb6 8.Nc3 O-O 9.Be3
Nc6 10.exd6 cxd6 11.d5 exd5 12.Nxd5

[Event "OEsterreichische Meisterschafte"]
[Site "Fuerstenfeld - Stadthalle"]
[Date "2009.04.10"]
[Round "7"]
[Board "1"]
[White "Azad, Razik"]
[Black "Handler, Lukas"]
[Result "0-1"]
[WhiteElo "2061"]
[BlackElo "2102"]
[PlyCount "41"]
[EventDate "2009.04.06"]
[EventRounds "7"]
[EventCountry "AUT"]

1.e4 e5 2.Nf3 Nc6 3.Bb5 a6 4.Ba4 Nf6 5.O-O Be7 6.Re1 b5 7.Bb3 d6 8.c3 O-O 9.h3
Na5 10.Bc2 d5 11.exd5 e4 12.Ng5 Nxd5 13.Nxe4 f5 14.Ng3 f4 15.Ne4 f3 16.g3 Bxh3
17.d4 Qe8 18.Qd3 Qh5 19.Nbd2 Bg2 20.Nf6+ Nxf6 21.Nb1

[Event "OEsterreichische Meisterschafte"]
[Site "Fuerstenfeld - Stadthalle"]
[Date "2009.04.10"]
[Round "7"]
[Board "1"]
[White "Halvax, Georg"]
[Black "Huber, Martin Christian"]
[Result "1-0"]
[WhiteElo "2187"]
[BlackElo "1818"]
[PlyCount "57"]
[EventDate "2009.04.06"]
[EventRounds "7"]
[EventCountry "AUT"]

1.Nf3 Nf6 2.g3 d5 3.Bg2 c6 4.O-O Bg4 5.d3 e6 6.Qe1 Be7 7.e4 dxe4 8.dxe4 O-O
9.Nbd2 Nbd7 10.Nb3 Nc5 11.Nxc5 Bxc5 12.a4 Qe7 13.Ne5 Bh5 14.Nd3 a6 15.Bd2 Rfd8
16.Ba5 b6 17.Bd2 Qb7 18.Nxc5 bxc5 19.Bc3 Nd7 20.Qe3 h6 21.f4 Re8 22.g4 Bg6
23.Rad1 f6 24.g5 hxg5 25.fxg5 f5 26.h4 Bh5 27.Bf3 Bxf3 28.Qxf3 g6 29.h5

[Event "OEsterreichische Meisterschafte"]
[Site "Fuerstenfeld - Stadthalle"]
[Date "2009.04.10"]
[Round "7"]
[Board "1"]
[White "Wertjanz, David"]
[Black "Stagl, Marco"]
[Result "1-0"]
[WhiteElo "2043"]
[BlackElo "1881"]
[PlyCount "77"]
[EventDate "2009.04.06"]
[EventRounds "7"]
[EventCountry "AUT"]

1.e4 c6 2.d4 d5 3.f3 dxe4 4.fxe4 e5 5.Nf3 exd4 6.Bc4 Nf6 7.O-O Bc5 8.Ng5 Be6
9.Bxe6 fxe6 10.e5 Nd5 11.Kh1 Rf8 12.Rxf8+ Bxf8 13.Qxd4 Qd7 14.Bd2 h6 15.Ne4 Na6
16.Na3 Nb6 17.Nd6+ Bxd6 18.exd6 O-O-O 19.Bf4 g5 20.Bg3 Rf8 21.Re1 Qf7 22.h3 Nb8
23.c3 N8d7 24.Nc2 c5 25.Qe4 Re8 26.Ne3 Qg7 27.a4 a5 28.Nc4 Nxc4 29.Qxc4 e5 30.b4
axb4 31.cxb4 b6 32.Qa6+ Kb8 33.bxc5 Nxc5 34.Qxb6+ Nb7 35.a5 Ka8 36.a6 Nd8 37.Rc1
Ne6 38.Qc6+ Ka7 39.Qxe8

[Event "OEsterreichische Meisterschafte"]
[Site "Fuerstenfeld - Stadthalle"]
[Date "2009.04.10"]
[Round "7"]
[Board "1"]
[White "Dalnodar, Bernhard"]
[Black "Hofmann, Thomas"]
[Result "1/2-1/2"]
[WhiteElo "1952"]
[BlackElo "2004"]
[PlyCount "34"]
[EventDate "2009.04.06"]
[EventRounds "7"]
[EventCountry "AUT"]

1.Nf3 d5 2.g3 c6 3.Bg2 Qc7 4.d4 Nf6 5.c4 Nbd7 6.Nc3 e6 7.O-O b6 8.Bf4 Bd6 9.Bxd6
Qxd6 10.Re1 Bb7 11.cxd5 Nxd5 12.e4 Nxc3 13.bxc3 O-O 14.e5 Qa3 15.Qc2 g6 16.Nd2
Rab8 17.Nc4 Qa6

[Event "OEsterreichische Meisterschafte"]
[Site "Fuerstenfeld - Stadthalle"]
[Date "2009.04.10"]
[Round "7"]
[Board "1"]
[White "Riemelmoser, Stefan"]
[Black "Kammerer, Gernot"]
[Result "1-0"]
[WhiteElo "2104"]
[BlackElo "2128"]
[PlyCount "47"]
[EventDate "2009.04.06"]
[EventRounds "7"]
[EventCountry "AUT"]

1.e4 c5 2.Nf3 d6 3.d4 cxd4 4.Nxd4 Nf6 5.Nc3 g6 6.Be3 Bg7 7.f3 O-O 8.Qd2 Nc6
9.O-O-O d5 10.Kb1 Nxd4 11.e5 Nd7 12.Bxd4 Nxe5 13.Qe1 Nc6 14.Bxg7 Kxg7 15.Nxd5 e6
16.Nc3 Qa5 17.h4 e5 18.h5 Be6 19.Qh4 Rad8 20.Bd3 Rd4 21.h6+ Kg8 22.Qf6 Bxa2+
23.Kc1 Qxc3 24.Qg7#

[Event "OEsterreichische Meisterschafte"]
[Site "Fuerstenfeld - Stadthalle"]
[Date "2009.04.10"]
[Round "7"]
[Board "1"]
[White "Matt, Fabian"]
[Black "Riemelmoser, Markus"]
[Result "0-1"]
[WhiteElo "1938"]
[BlackElo "1763"]
[PlyCount "51"]
[EventDate "2009.04.06"]
[EventRounds "7"]
[EventCountry "AUT"]

1.e4 c5 2.Nf3 d6 3.d4 cxd4 4.Nxd4 Nf6 5.Nc3 a6 6.Bg5 e6 7.f4 Be7 8.Be2 Nbd7
9.Qd3 Qc7 10.O-O-O b5 11.Bf3 Bb7 12.Ndxb5 axb5 13.Nxb5 Qb6 14.e5 dxe5 15.Qb3
Bxf3 16.gxf3 Ra5 17.Bxf6 Rxb5 18.Qd3 Nxf6 19.fxe5 Rxe5 20.Qc4 O-O 21.Rhg1 Qc5
22.Qh4 Re2 23.c3 Qf5 24.Rd2 Rxd2 25.Kxd2 Rd8+ 26.Kc1